Rozpoznaj grę po recenzji Steam #7 - Statystyki

Ogólne statystyki
  • Ten quiz został rozwiązany 33 razy
  • Średni wynik to 9 z 20
Statystyki odpowiedzi
Recenzja Tytuł gry % Poprawnych
Gra uczy ważnej lekcji. Puszka zupy jest ważniejsza niż własne dzieci. 60 Seconds!
86%
przezylam 4 zawaly serca i jestem podpieta do respiratora dzieki scott cawthon. Five Nights at Freddy's
83%
CIOCIU MAY NIEEEE Marvel’s Spider-Man Remastered
83%
mam gruzlice i koń ma jajca Red Dead Redemption 2
66%
Clementine robi oro na nobow The Walking Dead
66%
Świetna gra, która prowadzi do depresji. Ponadto, kocham tłumaczenie głownych postaci KUBUŚ I FILUŚ Cuphead
62%
mozna pic piwo jarac kiepy przeklinac i jezdzic szambiarą. git My Summer Car
62%
Mój pies szczeka na telewizor jak gram, to świadczy, że jest ok. Stray
59%
Po jakiego grzyba czytasz recenzję 15 letniej gry free to play? Po jakiego pytam się? Team Fortress 2
52%
Fajna gierka, można pograć z dziewczyną zamiast sexu na zgodę It Takes Two
41%
Kocham niewolnictwo Palworld
41%
Brzydka, zabugowana i toporna w sterowaniu, a to dopiero początek zalet. Gothic II: Gold Edition
34%
Ale mnie rączki nakurwiająą AAAAAAAAAAAAAAAAAAAAAAAAAAAAAAAAAAAAAAAAAA Beat Saber
31%
DarkSouls w wersji anime. Polecam bo so cycki. ( ͡° ͜ʖ ͡°) CODE VEIN
28%
"Kupcie nasze jutsu za prawdziwe pieniadze" do tego serwery są zasilane na chomiki.. skandal NARUTO TO BORUTO: SHINOBI STRIKER
14%
Gra się w komputer Welcome to the Game
14%
Zacznijmy od tego, że jestem tolerancyjny jak mogę, ale HATTORI Brawlhalla
10%
Yes, that should work. Katana ZERO
10%
historia wciąga jak bagno tylko jakość video słaba, jak by z '94... Her Story
7%
Status przesyłki: Przekazano do rozpierdoIenia. Przesyłka zostanie rozje6ana i podeptana w najbliższym dniu roboczym. Doręczyciele skaczą i rzucają paczkami do późnych godzin wieczornych, dlatego warto zaparzyć sobie melisy na nerwy. THE FINALS
3%
Nie znaleziono quizów pasujących do podanych kryteriów
Rozkład punktacji
Procent ludzi z każdym wynikiem
Percentyl według liczby udzielonych odpowiedzi
Twoja historia wyników
Nie rozwiązałeś tego quizu